Normy reagujú na vývoj trhu
Rozhovor o uvádzaní do praxe 7. revízie Medzinárodných obchodných podmienok INCOTERMS.
Enregistré dans:
| Auteur principal: | |
|---|---|
| Autres auteurs: | |
| Format: | Chapitre de livre |
| Langue: | slovaque |
| Sujets: | |
| Tags: |
Pas de tags, Soyez le premier à ajouter un tag!
|
MARC
| LEADER | 00000naa a2200000 4500 | ||
|---|---|---|---|
| 001 | 0125568 | ||
| 005 | 20240502072431.0 | ||
| 041 | 0 | |a slo | |
| 044 | |a SK | ||
| 245 | 1 | 0 | |a Normy reagujú na vývoj trhu |c Viktória Valachovičová, Koen Vanheusden |
| 520 | |a Rozhovor o uvádzaní do praxe 7. revízie Medzinárodných obchodných podmienok INCOTERMS. | ||
| 610 | 2 | 0 | |a obchod medzinárodný |
| 610 | 2 | 0 | |a obchod zahraničný |
| 610 | 2 | 0 | |a podmienky obchodné |
| 610 | 2 | 0 | |a terms of trade |
| 610 | 2 | 0 | |a 2011 |
| 100 | 1 | |a Valachovičová, Viktória | |
| 700 | 1 | |a Vanheusden, Koen | |